Divadlo ve škole : bibliografie divadelních her pro mládež a literatury o organisaci a pomůckách divadelní činnosti na školách /

Hlavní autor: Lendl, Eduard, 1893-1976
Další autoři: Sýkora, Jiří, 1925-2005, Sotolář, Josef
Jazyk: Čeština
Vydáno: Brno : Státní pedagogická knihovna, 1958
Fyzický popis: 22, [2] s.
Knihy
Uloženo v:
LEADER 01061nam a22002532a 4500
001 000747423
003 CZ BrMZK
005 20140829205008.0
007 ta
008 041103s1958 xr er|||||||||||cze d
015 |a cnb000452382 
035 |a (OCoLC)85321716 
040 |a BOA001  |b cze 
100 1 |a Lendl, Eduard,  |d 1893-1976  |7 jk01071859  |4 com 
245 1 0 |a Divadlo ve škole :  |b bibliografie divadelních her pro mládež a literatury o organisaci a pomůckách divadelní činnosti na školách /  |c sest. Eduard Lendl, Josef Sotolář a Jiří Sýkora ; úv.: Osvald Zukal 
260 |a Brno :  |b Státní pedagogická knihovna,  |c 1958 
300 |a 22, [2] s. 
700 1 |a Sýkora, Jiří,  |d 1925-2005  |7 mzk2002156852  |4 com 
700 1 |a Sotolář, Josef  |7 jx20050915055  |4 com 
910 |a BOA001  |b PK-0021.581  |b X-0400.844 
920 |a 000086966 
990 |a BK 
996 6 |b 2619982501  |c X-0400.844  |l MZK  |r Sklad / do 24 hodin  |n 0  |w 000747423  |u 000020  |a 1  |e BOA001  |j MZK50  |s P 
996 7 |b 3119681624  |c PK-0021.581  |l MZK  |r Sklad / do 1 hodiny  |n 3  |w 000747423  |u 000010  |a 1  |e BOA001  |j MZK50  |s A